02732cam a2200313 i 450000100090000000300040000900500170001300800410003001000170007102000310008804000360011904200080015505000230016308200250018610000570021124501420026825000170041026400440042730000260047133600260049733700280052333800270055150400510057850506230062952008750125265000400212770000590216777601920222620804590OSt20260330100443.0181230s2019 nju b 001 0 eng c a 2018052533 a9781119229254q(paperback) aLBSOR/DLCbengcLBSORerdadDLC apcc00aHD49.3b.S435 201900a658.4bS451 20192231 aSeeger, Matthew W.q(Matthew Wayne),d1957-eauthor.10aCommunication in times of trouble :bbest practices for crisis and emergency risk communication /cMatthew W. Seeger, Timothy L. Sellnow. a1st edition. 1aHoboken, NJ :bWiley-Blackwell,c[2019] ax, 139 pages ;c24 cm atextbtxt2rdacontent aunmediatedbn2rdamedia avolumebnc2rdacarrier aIncludes bibliographical references and index.0 aProcess approach : take a process approach to crisis communication -- Pre-event planning : engage in pre-event planning for crisis communication -- Partnerships : form stakeholder partnerships with publics -- Public concern : listen to and acknowledge concerns of publics -- Honesty : communication with honesty, frankness, and openness -- Collaborate : collaborate and coordinate with credible sources -- Media access : meet the needs of the media and remain accessible -- Compassion : communicate with compassion -- Uncertainty : accept uncertainty and ambiguity -- Empowerment : communicate messages of empowerment. a"This book expands the focus by taking a 'best practices' approach to crisis communication and emergency risk communication, including an extensive discussion of how risks are identified and managed as part of crisis planning and recovery, as well as audience analysis, pre- and long-term post-crisis recovery, and the return to risk assessment and crisis planning. In addition, the added focus on emergencies, those threatening events that happen with greater frequency than full-blown crises, makes this book more appealing for practitioners than a book dedicated solely to crisis communication. Moreover, the added focus on emergencies includes naturally occurring events such as earthquakes, tornadoes, hurricanes, tsunamis, epidemics, and pandemics. In existing crisis communication texts, these events are generally not covered in detail"--cProvided by publisher. 0aCommunication in crisis management.1 aSellnow, Timothy L.q(Timothy Lester),d1960-eauthor.08iOnline version:aSeeger, Matthew W. (Matthew Wayne), 1957- author.tCommunication in times of troubleb1st edition.dHoboken, NJ : Wiley-Blackwell, [2019]z9781119229261w(DLC) 2019001384